When calls the heart. (Record no. 365687)
[ view plain ]
| 000 -LEADER | |
|---|---|
| fixed length control field | 02092ngm a22005172a 4500 |
| 001 - CONTROL NUMBER | |
| control field | MWT14302322 |
| 003 - CONTROL NUMBER IDENTIFIER | |
| control field | MWT |
| 005 - DATE AND TIME OF LATEST TRANSACTION | |
| control field | 20210929141638.0 |
| 007 - PHYSICAL DESCRIPTION FIXED FIELD--GENERAL INFORMATION | |
| fixed length control field | vd cvaizs |
| 008 - FIXED-LENGTH DATA ELEMENTS--GENERAL INFORMATION | |
| fixed length control field | 210729s2021 xxu504 e vleng d |
| 020 ## - INTERNATIONAL STANDARD BOOK NUMBER | |
| Terms of availability | $26.99 |
| 024 1# - OTHER STANDARD IDENTIFIER | |
| Standard number or code | 826663219548 |
| 028 42 - PUBLISHER NUMBER | |
| Publisher number | 14302322 |
| 040 ## - CATALOGING SOURCE | |
| Original cataloging agency | Midwest |
| Description conventions | rda |
| 092 ## - LOCALLY ASSIGNED DEWEY CALL NUMBER (OCLC) | |
| Classification number | dvd |
| 245 00 - TITLE STATEMENT | |
| Title | When calls the heart. |
| Number of part/section of a work | Year eight, |
| Name of part/section of a work | 6-movie collection |
| Medium | [dvd] / |
| Statement of responsibility, etc | executive producer Michael Landon Jr. |
| 250 ## - EDITION STATEMENT | |
| Edition statement | Widescreen ed. |
| 264 #1 - Production, Publication, Distribution, Manufacture, and Copyright Notice. | |
| Place of production, publication, distribution, manufacture | Los Angeles, CA : |
| Name of producer, publisher, distributor, manufacturer | Shout! Factory, |
| Date of production, publication, distribution, manufacture, or copyr | 2021. |
| 300 ## - PHYSICAL DESCRIPTION | |
| Extent | 3 videodiscs (ca. 504 min.) : |
| Other physical details | sd., col. ; |
| Dimensions | 4 3/4 in. |
| 500 ## - GENERAL NOTE | |
| General note | "All the movies from the 8th season"--container. |
| 511 1# - PARTICIPANT OR PERFORMER NOTE | |
| Participant or performer note | Daniel Lissing, Jack Wagner, Erin Krakow, Pascale Hutton, Kevin Mcgarry. |
| 520 ## - SUMMARY, ETC. | |
| Summary, etc | Welcome back to Hope Valley for incredible adventures and heartwarming friendships. Elizabeth finds a second chance at love as she comes to terms with how she feels about Nathan and Lucas. Rosemary reflects upon her life's purpose, and the entire town comes together for a memorable wedding. |
| 538 ## - SYSTEM DETAILS NOTE | |
| System details note | DVD. |
| 546 ## - LANGUAGE NOTE | |
| Language note | English audio; English subtitles. |
| 650 #0 - SUBJECT ADDED ENTRY--TOPICAL TERM | |
| Topical term or geographic name as entry element | Teachers |
| Form subdivision | Drama. |
| 9 (RLIN) | 5690721 |
| 650 #0 - SUBJECT ADDED ENTRY--TOPICAL TERM | |
| Topical term or geographic name as entry element | Women pioneers |
| Form subdivision | Drama. |
| 9 (RLIN) | 5690641 |
| 650 #0 - SUBJECT ADDED ENTRY--TOPICAL TERM | |
| Topical term or geographic name as entry element | Company towns |
| Geographic subdivision | Canada |
| General subdivision | Social life and customs |
| Form subdivision | Drama. |
| 9 (RLIN) | 5690640 |
| 655 #7 - INDEX TERM--GENRE/FORM | |
| Genre/form data or focus term | Television series. |
| Source of term | lcgft. |
| 655 #7 - INDEX TERM--GENRE/FORM | |
| Genre/form data or focus term | Romance television programs. |
| Source of term | lcgft. |
| 9 (RLIN) | 5715108 |
| 655 #7 - INDEX TERM--GENRE/FORM | |
| Genre/form data or focus term | Made-for-TV movies. |
| Source of term | lcgft. |
| 655 #0 - INDEX TERM--GENRE/FORM | |
| Genre/form data or focus term | DVD-Video discs. |
| 655 #7 - INDEX TERM--GENRE/FORM | |
| Genre/form data or focus term | Video recordings for the hearing impaired. |
| Source of term | lcgft. |
| 700 1# - ADDED ENTRY--PERSONAL NAME | |
| Personal name | Lissing, Daniel. |
| 9 (RLIN) | 5688506 |
| 700 1# - ADDED ENTRY--PERSONAL NAME | |
| Personal name | Wagner, Jack, |
| Dates associated with a name | 1959- |
| Relator term | actor. |
| 9 (RLIN) | 5712481 |
| 700 1# - ADDED ENTRY--PERSONAL NAME | |
| Personal name | Krakow, Erin, |
| Relator term | actor. |
| 9 (RLIN) | 5688507 |
| 700 1# - ADDED ENTRY--PERSONAL NAME | |
| Personal name | Hutton, Pascale, |
| Relator term | actor. |
| 9 (RLIN) | 5809081 |
| 700 1# - ADDED ENTRY--PERSONAL NAME | |
| Personal name | McGarry, Kevin, |
| Dates associated with a name | 1985- |
| Relator term | actor. |
| 9 (RLIN) | 6383206 |
| 700 1# - ADDED ENTRY--PERSONAL NAME | |
| Personal name | Oke, Janette. |
| 9 (RLIN) | 5709835 |
| 710 2# - ADDED ENTRY--CORPORATE NAME | |
| Corporate name or jurisdiction name as entry element | Shout! Factory (Firm). |
| 9 (RLIN) | 70304 |
| 730 0# - ADDED ENTRY--UNIFORM TITLE | |
| Uniform title | When calls the heart (Television program). |
| 9 (RLIN) | 5712483 |
| 907 ## - LOCAL DATA ELEMENT G, LDG (RLIN) | |
| a | .b457882906 |
| 942 ## - ADDED ENTRY ELEMENTS (KOHA) | |
| Source of classification or shelving scheme | Dewey Decimal Classification |
| Koha item type | DVD |
| Withdrawn status | Lost status | Source of classification or shelving scheme | Materials specified (bound volume or other part) | Damaged status | Not for loan | Collection code | Home library | Current library | Shelving location | Date acquired | Source of acquisition | Serial Enumeration / chronology | Total Checkouts | Total Renewals | Full call number | Barcode | Date last seen | Date checked out | Cost, replacement price | Price effective from | Koha item type |
|---|---|---|---|---|---|---|---|---|---|---|---|---|---|---|---|---|---|---|---|---|---|
| Dewey Decimal Classification | 3 discs | Television Series | Wasatch County Library | Wasatch County Library | Audio Visual Area | 10/07/2021 | Micromarketing | Year 8 | 12 | 17 | TV Series When Calls the Heart #8 | 34301000775306 | 06/30/2025 | 05/29/2025 | 21.58 | 10/07/2021 | DVD Series |
